|
|
|
|
| LEADER |
00898nab a2200253 i 4500 |
| 001 |
publ33120 |
| 005 |
20250520092658.0 |
| 008 |
250520s1985 hu o 000 eng d |
| 022 |
|
|
|a 0039-7881
|
| 024 |
7 |
|
|a 10.1055/s-1985-31152
|2 doi
|
| 024 |
7 |
|
|a 1033378
|2 mtmt
|
| 040 |
|
|
|a SZTE Publicatio Repozitórium
|b hun
|
| 041 |
|
|
|a eng
|
| 100 |
1 |
|
|a Schneider Gyula
|
| 245 |
1 |
2 |
|a A convenient method for the preparation of 16,16-bishydroxymethyl-17-hydroxysteroids and 16,16-bishydroxymethyl-17-oxosteroids
|h [elektronikus dokumentum] /
|c Schneider Gyula
|
| 260 |
|
|
|c 1985
|
| 300 |
|
|
|a 194-197
|
| 490 |
0 |
|
|a SYNTHESIS-STUTTGART
|v 1985 No. 2
|
| 650 |
|
4 |
|a Kémiai tudományok
|
| 700 |
0 |
1 |
|a Wölfling János
|e aut
|
| 700 |
0 |
1 |
|a Hackler László
|e aut
|
| 700 |
0 |
1 |
|a Meskó Eszter
|e aut
|
| 700 |
0 |
1 |
|a Dombi György
|e aut
|
| 856 |
4 |
0 |
|u http://publicatio.bibl.u-szeged.hu/33120/1/aok_klny_1036_85.pdf
|z Dokumentum-elérés
|